Leading in the top team: <the> CXO challenge
Gespeichert in:
| Weitere Verfasser: | |
|---|---|
| Format: | Buch |
| Sprache: | Englisch |
| Veröffentlicht: |
New York
Cambridge University Press
2008
|
| Schlagworte: | |
| Tags: |
Keine Tags, Fügen Sie das erste Tag hinzu!
|
MARC
| LEADER | 00000nam$a2200000$$$4500 | ||
|---|---|---|---|
| 001 | 0104315 | ||
| 005 | 20240315115522.7 | ||
| 020 | |a 978-0-521-85632-4 | ||
| 041 | 0 | |a eng | |
| 044 | |a US | ||
| 245 | 1 | 0 | |a Leading in the top team: <the> CXO challenge |c edited by: Preston Bottger |
| 264 | 1 | |a New York |b Cambridge University Press |c 2008 | |
| 300 | |a 410 s. | ||
| 610 | 2 | 0 | |a pracovníci vedúci |
| 610 | 2 | 0 | |a pracovníci riadiaci |
| 610 | 2 | 0 | |a manažment |
| 610 | 2 | 0 | |a manažéri |
| 610 | 2 | 0 | |a výkony pracovné |
| 610 | 2 | 0 | |a tímy pracovné |
| 700 | 1 | |a Bottger, Preston | |